| 000 | 00520cam a2200205ua 4500 | ||
|---|---|---|---|
| 001 | 722 | ||
| 005 | 20260515113221.0 | ||
| 008 | 110413n ii |||gr||||Z||||||eng | ||
| 020 | _a81-237-0147-0 | ||
| 040 | _cMAIN | ||
| 082 | _a328.54 | ||
| 245 |
_aOur parliament. _cBy Subhash Kashyap. |
||
| 250 | _a1st. | ||
| 260 |
_aNew Delhi.: _bNational book trust., _c2004. |
||
| 300 |
_avi, 327 p.: _c20 cm. |
||
| 653 | _aPolitical science. | ||
| 653 | _aOur parliament. | ||
| 700 | 1 |
_aKashyap, Subhash., _eauthor., |
|
| 942 | _cBK | ||
| 999 |
_c649 _d649 |
||